| 000 | 00754nam a2200193 4500 | ||
|---|---|---|---|
| 008 | 160622b xxu||||| |||| 00| 0 eng d | ||
| 020 | _a9715614523 | ||
| 082 |
_22002 _aDFil 336.185 _bIn81 |
||
| 245 |
_aIntergovernmental fiscal transfers in Asia: _bcurrent practice and challenges for the future/ _cedited by Paul Smoke and Yun-Hwan Kim. |
||
| 260 |
_aManila, Philippines: _bAsian Development Bank, _cc2002. |
||
| 300 |
_axiv, 282 pages: _billustrations; _c22 cm. |
||
| 500 | _aIncludes bibliographical references. | ||
| 650 | 0 |
_910366 _aIntergovernmental fiscal relations |
|
| 650 | 0 |
_910367 _aIntergovernmental tax relations |
|
| 700 |
_910368 _aSmoke, Paul _eEditor |
||
| 700 |
_910369 _aKim, Yun-Hwan |
||
| 365 |
_aPhp _b975.00 |
||
| 942 |
_2ddc _cDFIL |
||
| 999 |
_c3107 _d3107 |
||